[Event "TUR-chT 2nd League"]
[Site "Konya"]
[Date "2018.07.22"]
[Round "9.5"]
[White "Ertas, Deniz"]
[Black "Ozdemir, Serhan Berat"]
[Result "1/2-1/2"]
[WhiteElo "1762"]
[BlackElo "1893"]
[PlyCount "121"]
[EventDate "2018.07.16"]
[EventType "team-swiss"]
[EventRounds "9"]
[EventCountry "TUR"]
[SourceTitle "EXT 2019"]
[Source "ChessBase"]
[SourceDate "2018.10.10"]
[SourceVersion "1"]
[SourceVersionDate "2018.10.10"]
[SourceQuality "1"]
[WhiteTeam "Bursa Nida"]
[BlackTeam "Koroglu Dernegi"]
[WhiteTeamCountry "TUR"]
[BlackTeamCountry "TUR"]

1. e4 Nf6 2. e5 Nd5 3. c4 Nb6 4. d4 d6 5. exd6 cxd6 6. Nc3 g6 7. Be3 Bg7 8. Rc1 0-0 9. Be2 Bf5 10. Nf3 d5 11. b3 dxc4 12. bxc4 Nc6 13. 0-0 Rc8 14. c5 Nd5 15. Nxd5 Qxd5 16. Bc4 Qd7 17. Qd2 Bg4 18. d5 Bxf3 19. gxf3 Ne5 20. Be2 Rfd8 21. Rfd1 h5 22. Kg2 Qf5 23. Qb4 g5 24. Qe4 Qf6 25. Rb1 Rb8 26. Bd4 h4 27. h3 Qf4 28. Qxf4 gxf4 29. Bxe5 Bxe5 30. Rb4 b6 31. c6 Rbc8 32. Ra4 Rc7 33. Kf1 Kg7 34. Ra6 Kf6 35. Rd3 Bd6 36. a4 Bc5 37. a5 Ke5 38. axb6 axb6 39. Ra4 f5 40. Rc4 Ra7 41. Bd1 Ra2 42. Rc2 Rxc2 43. Bxc2 Ra8 44. Bb3 Kd6 45. Ke2 b5 46. Rd1 Ra3 47. Rb1 Ra8 48. Rc1 Rg8 49. Kf1 Bd4 50. c7 Rc8 51. Rc6+ Kd7 52. Bc2 Rxc7 53. Bxf5+ Kd8 54. Ke2 b4 55. Ra6 Rb7 56. Rc6 Rc7 57. Kd3 Bxf2 58. Kc4 Rxc6+ 59. dxc6 Be1 60. Kd5 Kc7 61. Be4 1/2-1/2

[Event "TUR-chT 2nd League"]
[Site "Konya"]
[Date "2017.07.23"]
[Round "9.9"]
[White "Doner, Mustafa"]
[Black "Ertas, Deniz"]
[Result "1-0"]
[WhiteElo "1879"]
[BlackElo "1799"]
[PlyCount "143"]
[EventDate "2017.07.17"]
[EventType "team-swiss"]
[EventRounds "9"]
[EventCountry "TUR"]
[SourceTitle "EXT 2018"]
[Source "ChessBase"]
[SourceDate "2017.10.13"]
[SourceVersion "1"]
[SourceVersionDate "2017.10.13"]
[SourceQuality "1"]
[WhiteTeam "Gaziantep Sader"]
[BlackTeam "Bursa Nida"]
[WhiteTeamCountry "TUR"]
[BlackTeamCountry "TUR"]

1. e4 d5 2. exd5 Qxd5 3. Nc3 Qa5 4. Nf3 Nf6 5. Bc4 Bg4 6. h3 Qh5 7. Be2 Bxf3 8. Bxf3 Qe5+ 9. Ne2 c6 10. 0-0 e6 11. d4 Qc7 12. c4 Bd6 13. Be3 0-0 14. Rc1 Rd8 15. Qb3 Na6 16. a3 Rac8 17. Rfd1 b6 18. Qa4 Nb8 19. b4 c5 20. dxc5 bxc5 21. b5 Nbd7 22. g3 Nb6 23. Qb3 Nfd7 24. Nf4 Ne5 25. Be2 Qb7 26. a4 Nf3+ 27. Bxf3 Qxf3 28. Ng2 Be5 29. a5 Rxd1+ 30. Rxd1 Nxc4 31. Qd3 h6 32. Qd7 Qa8 33. a6 Nxe3 34. Nxe3 c4 35. Qe7 Bf6 36. Qb7 Rb8 37. Qxa8 Rxa8 38. Nxc4 Rb8 39. Rb1 Bd4 40. Kf1 Kf8 41. Ke2 Ke8 42. Na5 Bb6 43. Nc6 Rc8 44. Rd1 g6 45. f4 h5 46. Kf3 Bc5 47. Ke4 Bf2 48. g4 hxg4 49. hxg4 Bc5 50. Ke5 Bb6 51. Rd3 Bc5 52. Kf6 Bb6 53. Rh3 Kd7 54. Kxf7 Kd6 55. Kxg6 Rg8+ 56. Kf6 Rf8+ 57. Kg7 Rxf4 58. g5 e5 59. g6 Ke6 60. Kh7 e4 61. g7 Rf7 62. Kh8 Rxg7 63. Kxg7 e3 64. Rh2 Kd5 65. Kg6 Ke4 66. Kg5 Kd3 67. Ne5+ Kd4 68. Ng4 Kd3 69. Nxe3 Bxe3+ 70. Kf5 Kc4 71. Rb2 Bc5 72. b6 1-0